000 00375 a2200169 4500
001 73570
020 _a8526001892
040 _cAnchieta - Colégio São Paulo
100 _aLopez, Telê Ancona
240 1 0 _aMário de Andrade
_lpor
245 1 0 _aMário de Andrade
300 _a171
362 0 _a1989
440 1 _aGlobal
650 4 _aFicção brasileira
942 _cBK
999 _c73570
_d73570